| 000 | 00967cab a2200277 4500 | ||
|---|---|---|---|
| 001 | ABS46377 | ||
| 008 | 090401t1992 xxu||||| |||| 00| 0 eng d | ||
| 035 | _a(Sirsi) u57999 | ||
| 041 | _aeng | ||
| 100 | _aLing, D.C. | ||
| 245 | _aImplementing discounted cash flow valuation models: what is the correct discount rate? | ||
| 260 | _c1992 | ||
| 350 | _a0 | ||
| 490 |
_aAppraisal Journal _v60(2) April 1992, 267-275(5) |
||
| 520 | _aThe interaction between equity valuation techniques and the weighted average cost of capital is examined here. | ||
| 650 | _aCAPITALISATION RATE | ||
| 650 | _aDEBT FINANCE | ||
| 650 | _aDISCOUNTED CASH FLOW | ||
| 650 | _aEQUITY VALUATION | ||
| 650 | _aINVESTMENT ANALYSIS | ||
| 650 | _aVALUATION METHODS | ||
| 690 | _aPROPERTY-COMMERCIAL PROPERTY-COMMERCIAL PROPERTY FINANCE AND INVESTMENT | ||
| 690 | _aPROPERTY-COMMERCIAL PROPERTY-COMMERCIAL PROPERTY APPRAISAL AND VALUATION | ||
| 942 | _n0 | ||
| 948 | _c04/03/1997 | ||
| 999 |
_c35391 _d35391 |
||